<?xml version="1.0" encoding="UTF-8"?>
<collection xmlns="http://www.loc.gov/MARC21/slim">
<record>
  <controlfield tag="001">165570</controlfield>
  <controlfield tag="005">20260112132216.0</controlfield>
  <datafield tag="024" ind1="8" ind2=" ">
    <subfield code="2">sideral</subfield>
    <subfield code="a">56695</subfield>
  </datafield>
  <datafield tag="037" ind1=" " ind2=" ">
    <subfield code="a">ART-2005-56695</subfield>
  </datafield>
  <datafield tag="041" ind1=" " ind2=" ">
    <subfield code="a">spa</subfield>
  </datafield>
  <datafield tag="100" ind1=" " ind2=" ">
    <subfield code="a">Gracia Solanas, J.A</subfield>
  </datafield>
  <datafield tag="245" ind1=" " ind2=" ">
    <subfield code="a">Sequential treatment for proctalgia fugax. Mid-term follow-up</subfield>
  </datafield>
  <datafield tag="260" ind1=" " ind2=" ">
    <subfield code="c">2005</subfield>
  </datafield>
  <datafield tag="520" ind1="3" ind2=" ">
    <subfield code="a">Introducción: la proctalgia fugaz (PF) es una patología benigna, autolimitada, caracterizada por dolor anorrectal intenso, a intervalos frecuentes, sin causa orgánica aparente. Su etiología no está clara, a pesar de ser conocida desde hace un siglo y existen pocos artículos publicados sobre esta patología, con escaso número de pacientes, aplicando tratamientos variados con mayor o menor fortuna. El propósito de este trabajo ha sido estudiar a una serie de pacientes aquejados de esta patología y aplicar a todos ellos un tratamiento de manera secuencial en dependencia de su respuesta al mismo. Material y métodos: realizamos un estudio descriptivo prospectivo de pacientes aquejados de dolor perianal brusco, &lt; 30 min de duración, sin lesión orgánica concomitante ni intervención previa perianal desde 1996-2002 en nuestro Servicio, sometiéndoles a un tratamiento de manera secuencial, basado en 3 escalones terapéuticos (1. información, baños de asiento, tranquilizantes; 2. nifedipino 10 mg sublingual, o nitroglicerina tópica 0,1% en el momento de la crisis; y 3. esfinterotomía lateral interna si hipertrofia del esfínter anal interno y no mejoría con los otros escalones). Definimos mejoría significativa cuando se producía un importante distanciamiento de los episodios (disminución nº crisis a la mitad) y/o disminución del dolor en un 50%. Resultados: quince pacientes con un seguimiento medio de 4 años. Mediante ecografía endoanal se pudo demostrar la existencia de hipertrofia del esfínter anal interno (EAI) en 5 casos. Tras la aplicación del escalón 1 mejoraron 7 pacientes y curó 1 paciente; con el escalón 2 mejoraron 3 pacientes y 1 curó, y se aplicó el escalón 3 a 3 pacientes que presentaban hipertrofia del EAI mejorando 1 y curando otro paciente. Conclusión: la curación de la PF no siempre es factible, pero sí es posible aliviar los síntomas, así como su frecuencia. Casi el 50% de los pacientes de nuestra serie mejoró con el escalón 1 del tratamiento. Un tercio de nuestros pacientes presentaban hipertrofia del EAI. La ecografía endoanal ayudará tanto a descartar lesiones orgánicas concomitantes como a diagnosticar una hipertrofia del EAI, que se beneficiaría de una esfinterotomía lateral interna.</subfield>
  </datafield>
  <datafield tag="540" ind1=" " ind2=" ">
    <subfield code="9">info:eu-repo/semantics/closedAccess</subfield>
    <subfield code="a">All rights reserved</subfield>
    <subfield code="u">http://www.europeana.eu/rights/rr-f/</subfield>
  </datafield>
  <datafield tag="590" ind1=" " ind2=" ">
    <subfield code="a">0.535</subfield>
    <subfield code="b">2005</subfield>
  </datafield>
  <datafield tag="591" ind1=" " ind2=" ">
    <subfield code="a">GASTROENTEROLOGY &amp; HEPATOLOGY</subfield>
    <subfield code="b">45 / 46 = 0.978</subfield>
    <subfield code="c">2005</subfield>
    <subfield code="d">Q4</subfield>
    <subfield code="e">T3</subfield>
  </datafield>
  <datafield tag="655" ind1=" " ind2="4">
    <subfield code="a">info:eu-repo/semantics/article</subfield>
    <subfield code="v">info:eu-repo/semantics/publishedVersion</subfield>
  </datafield>
  <datafield tag="700" ind1=" " ind2=" ">
    <subfield code="a">Ramirez Rodriguez, J.M</subfield>
    <subfield code="u">Universidad de Zaragoza</subfield>
    <subfield code="0">(orcid)0000-0001-7964-1166</subfield>
  </datafield>
  <datafield tag="700" ind1=" " ind2=" ">
    <subfield code="a">Elia Guedea, M</subfield>
    <subfield code="u">Universidad de Zaragoza</subfield>
    <subfield code="0">(orcid)0000-0003-2671-061X</subfield>
  </datafield>
  <datafield tag="700" ind1=" " ind2=" ">
    <subfield code="a">Aguilella Diago, V</subfield>
    <subfield code="u">Universidad de Zaragoza</subfield>
    <subfield code="0">(orcid)0000-0001-5323-2946</subfield>
  </datafield>
  <datafield tag="700" ind1=" " ind2=" ">
    <subfield code="a">Martinez Diez, M.</subfield>
    <subfield code="u">Universidad de Zaragoza</subfield>
    <subfield code="0">(orcid)0000-0001-6506-7386</subfield>
  </datafield>
  <datafield tag="710" ind1="2" ind2=" ">
    <subfield code="1">1004</subfield>
    <subfield code="2">090</subfield>
    <subfield code="a">Universidad de Zaragoza</subfield>
    <subfield code="b">Dpto. Cirugía,Ginecol.Obstetr.</subfield>
    <subfield code="c">Área Cirugía</subfield>
  </datafield>
  <datafield tag="773" ind1=" " ind2=" ">
    <subfield code="g">97, 7 (2005), 491-496</subfield>
    <subfield code="p">Rev. esp. enferm. dig.</subfield>
    <subfield code="t">REVISTA ESPANOLA DE ENFERMEDADES DIGESTIVAS</subfield>
    <subfield code="x">1130-0108</subfield>
  </datafield>
  <datafield tag="856" ind1="4" ind2=" ">
    <subfield code="s">94892</subfield>
    <subfield code="u">http://zaguan.unizar.es/record/165570/files/texto_completo.pdf</subfield>
    <subfield code="y">Versión publicada</subfield>
  </datafield>
  <datafield tag="856" ind1="4" ind2=" ">
    <subfield code="s">2563583</subfield>
    <subfield code="u">http://zaguan.unizar.es/record/165570/files/texto_completo.jpg?subformat=icon</subfield>
    <subfield code="x">icon</subfield>
    <subfield code="y">Versión publicada</subfield>
  </datafield>
  <datafield tag="909" ind1="C" ind2="O">
    <subfield code="o">oai:zaguan.unizar.es:165570</subfield>
    <subfield code="p">articulos</subfield>
    <subfield code="p">driver</subfield>
  </datafield>
  <datafield tag="951" ind1=" " ind2=" ">
    <subfield code="a">2026-01-12-11:10:18</subfield>
  </datafield>
  <datafield tag="980" ind1=" " ind2=" ">
    <subfield code="a">ARTICLE</subfield>
  </datafield>
</record>
</collection>